00621cam a22002171 4500001001300000003000400013005001700017008004100034010001700075035002000092040003700112041001300149042001200162050002200174100002500196245008700221260003000308300001800338700003200356999001500388af 47005539 DLC20260227110832.0890404s1943 be 000 1 dut c aaf 47005539  a(OCoLC)19494504 aCalifornia. Univ. Libr.cCUdDLC1 aduthger apremarc00aPT2611.R186bS8541 aFranck, Hans,d1879-14aHet eiland in de Zuidzee,bnovelle.c[Uit het Duitsch vertaald door Henri Bruning] aBrussel,bMeddensc[1943] a66 p.c19 cm.1 aBruning, Henri,d1900-etr. c3161d3161